00616nam a22002057a 450000500170000001000130001702000220003003500130005203700160006504000120008108200170009310000260011024500600013626000480019627000560024430000200030050000500032065000190037065000210038920170124105937.0 aB-058956 c00.00a8171415822 aB-058956 bCen Lib/Ret aDPLbEN a338.642bNAR aNarasaiah, M. Lakshmi aSmall-scale entrepreneurship /cby M. Lakshmi Narasaiah aNew DelhibDiscovery Publishing Housec2001 a4831/24, Ansari Road, Darya GanjbNew Delhie110002 a108p.c22cm(Hb) aIncludes bibliographical references and index aSmall business aEntrepreneurship